images (140×140)   Dow University of Health Sciences Library Catalogue

Welcome to Dow University of Health Sciences Library Online Public Access Catalog

Guyton and Hall Textbook of Medical Physiology (Record no. 6137)

MARC details
000 -LEADER
fixed length control field 00362nam a2200145Ia 4500
008 - FIXED-LENGTH DATA ELEMENTS--GENERAL INFORMATION
fixed length control field 241014s9999||||xx |||||||||||||| ||und||
020 ## - INTERNATIONAL STANDARD BOOK NUMBER
International Standard Book Number 978969637926-3
060 ## - NATIONAL LIBRARY OF MEDICINE CALL NUMBER
Classification number QT 4 .H35
100 ## - MAIN ENTRY--PERSONAL NAME
Personal name Hall,John E
245 #0 - TITLE STATEMENT
Title Guyton and Hall Textbook of Medical Physiology
250 ## - EDITION STATEMENT
Edition statement 14th
260 ## - PUBLICATION, DISTRIBUTION, ETC.
Name of publisher, distributor, etc. Elsevier
Date of publication, distribution, etc. 2021
650 ## - SUBJECT ADDED ENTRY--TOPICAL TERM
Topical term or geographic name entry element Physiology
942 ## - ADDED ENTRY ELEMENTS (KOHA)
-- DIDC
Koha item type Books

No items available.




©2026, All rights reserved. Dow University of Health Sciences, Karachi, Pakistan.